Word Scramble - Languages - Statistics

General Stats
  • This quiz has been taken 76 times
  • The average score is 12 of 15
Answer Stats
Hint Answer % Correct
ENFRHC French
100%
IDNIH Hindi
97%
DURU Urdu
93%
NAPESJAE Japanese
92%
THDCU Dutch
90%
RBACIA Arabic
88%
NPSHASI Spanish
82%
RNAGME German
80%
IUSNSRA Russian
77%
HTIA Thai
77%
NAMNADIR Mandarin
72%
HKRTSIU Turkish
63%
NRPAESI Persian
60%
GELIBNA Bengali
57%
EKNARO Korean
55%
No matching quizzes found
Score Distribution
Percent of People with Each Score
Percentile by Number Answered
Your Score History
You have not taken this quiz